00989 2200289 4500001002100000005001500021035002000036245006300056100001500119250001700134300002800151260003900179082001000218084001600228020002200244650001700266520024700283008004100530990001600571990001600587990001600603990001600619990001600635990001600651990001600667990001600683INLIS00000000000034620240604013135 a0010-06240000551 aHuman Body Encyclopedia :bSistem Pencernaan /cTri Rahayu0 aTri Rahayu acetakan ke-4 a56 hlm :bilus ;c21 cm aBekasi :bUranus Publishing,c2011 a611.3 a611.3 TRI h a978-602-863-736-7 4aEnsiklopedia aeri Human Body Encyclopedia merupakan seri pengeta- huan yang membahas tentang fakta-fakta menakjubkan pada tubuh kita. Berisi tentang penjelasan bagian-bagian dan organ tubuhmu. Betapa tubuh kita merupakan sebuah keajaiban yang sangat besar.240604 0  a00000000826 a00000000827 a00000000828 a00000000829 a00000000830 a00000000831 a00000000832 a00000000833